[Event "Futurity"]
[Site "Chicago"]
[Date "1982.??.??"]
[Round "4"]
[White "Silman, Jeremy D"]
[Black "Lindsay, Fred"]
[Result "1/2-1/2"]
[WhiteElo "2355"]
[BlackElo "2245"]

1.d4 d5 2.c4 dxc4 3.e4 e5 4.Nf3 Bb4+ 5.Bd2 Bxd2+ 6.Nbxd2 exd4 7.Bxc4 Nh6
8.O-O O-O 9.Nb3 Nc6 10.Nbxd4 Nxd4 11.Qxd4 Bg4 12.Qc3 Qe7 13.h3 Bxf3 14.Qxf3 Rfe8
15.Rfe1 Rad8 16.Qe3 Qb4 17.b3 a6 18.Red1 Kf8 19.Qf4 Qe7 20.f3 Qe5 21.Qh4 b5
22.Bf1 Rd4 23.Rac1 c5 24.Rxd4 Qxd4+ 25.Qf2 Qxf2+ 26.Kxf2 Rc8 27.a4 bxa4 28.bxa4 Rc6
29.a5 f6 30.Bc4 Nf7 31.Rb1 Ne5 32.Rb8+ Ke7 33.Rb7+ Kd8 34.Bd5 Rc7 35.Rb3 c4
36.Rc3 Rc5 37.f4 Ng6 38.g3 Rxa5 39.Bxc4 Nf8 40.Rb3 Kc7 41.Bd5 Nd7 42.Rb7+ Kd6
43.Ra7 g6 44.h4 h6 45.Bf7 g5 46.Bg6 gxf4 47.gxf4 h5 48.Bf5 Ra2+ 49.Ke3 Ra3+
50.Ke2 Ra2+ 51.Kd1 Nc5 52.Rf7 Rf2 53.Rxf6+ Ke7 54.Rc6 Nd3 55.e5 Nxe5 56.Re6+ Kf7
57.Rxe5 Rxf4 58.Bd3 Rxh4 59.Bxa6 Kf6 60.Ra5 Rd4+ 61.Ke2 Re4+ 62.Kf3 Re5 63.Ra1 Rf5+
64.Kg3 Kg5 65.Rg1 Kh6 66.Rh1 Ra5 67.Be2 Kg6 68.Bf3 Rg5+ 69.Kh4 Ra5 70.Rg1+ Kh6
71.Be4 Rg5 72.Bg2 Rg4+ 73.Kh3 Kg5 74.Ra1 Rh4+ 75.Kg3 Rg4+ 76.Kf2 Kh6 77.Bf3 Rg5
78.Be4 Rg7 79.Kf3 Kg5 80.Ra5+ Kh4 81.Bf5 Rg1 82.Bd7 Rg3+ 83.Kf4 Rf3+ 84.Ke5 Rf1
85.Ra8 Rf3 86.Bf5 Kg5 87.Be4 Rg3 88.Rh8 Kh4 89.Kf4 Rg4+ 90.Kf3 Kg5 91.Ke3 Kh4
92.Bf3 Rg5 93.Ra8 Rb5 94.Kf4 Rb4+ 95.Be4 Rb3 96.Ra1 Rc3 97.Ra5 Rc4 98.Ra1 Rc3
99.Bf5 Rc1 100.Ra2 Rf1+ 101.Ke5 Kg5 102.Rg2+ Kh4 103.Kf6 Rh1 104.Kg6 Rg1
105.Rxg1  1/2-1/2

[Event "New Delhi"]
[Site "Delhi"]
[Date "1982.??.??"]
[Round "1"]
[White "Dorfman, Josif D"]
[Black "Barua, Dibyendu"]
[Result "1/2-1/2"]
[WhiteElo "2530"]
[BlackElo "2375"]

1.d4 d5 2.c4 dxc4 3.e4 e5 4.Nf3 exd4 5.Bxc4 Bb4+ 6.Nbd2 Nc6 7.O-O Nf6 8.e5 Nd5
9.Nb3 O-O 10.Nbxd4 Bg4 11.Qc2 Nxd4 12.Nxd4 Nb6 13.Be3 Qh4 14.f3 Bd7 15.f4 Rad8
16.Bb3 c6 17.a3 Be7 18.Rad1 Qh5 19.Qe4  1/2-1/2

[Event "CSR-ch"]
[Site "Frenstat"]
[Date "1982.??.??"]
[Round "12"]
[White "Pribyl, Josef"]
[Black "Dobrovolsky, Ladislav"]
[Result "1/2-1/2"]
[WhiteElo "2425"]
[BlackElo "2395"]

1.d4 d5 2.c4 dxc4 3.e4 e5 4.Nf3 Bb4+ 5.Bd2 Bxd2+ 6.Nbxd2 exd4 7.Bxc4 Nh6
8.Nb3 Nc6 9.Nfxd4 Nxd4 10.Qxd4 O-O 11.Qxd8 Rxd8 12.h3 Be6 13.Bxe6 fxe6 14.Ke2 Nf7
15.Rhd1 Kf8 16.Rac1 Rxd1 17.Rxd1 Ke7  1/2-1/2

[Event "Minsk"]
[Site "Minsk"]
[Date "1982.??.??"]
[Round "?"]
[White "Inkiov, Ventzislav"]
[Black "Kupreichik, Viktor D"]
[Result "1-0"]
[WhiteElo "2495"]
[BlackElo "2570"]

1.d4 d5 2.c4 dxc4 3.e4 Nc6 4.Nf3 Bg4 5.Bxc4 Bxf3 6.Qxf3 e6 7.d5 Ne5 8.Qe2 Nxc4
9.Qxc4 exd5 10.Qb5+ c6 11.Qxb7 Qc8 12.Qxc8+ Rxc8 13.exd5 Bb4+ 14.Bd2 Bxd2+
15.Nxd2 cxd5 16.O-O Ne7 17.Nf3 f6 18.Nd4 Kd7 19.Rad1 Rhe8 20.Rd2 Rc5 21.Ne2 Nc8
22.b4 Rc4 23.Rxd5+ Kc6 24.Rd2 Rxb4 25.Rc1+ Kb7 26.Rd7+ Ka6 27.Ng3 Re7 28.Rd3 Nb6
29.Nf5 Re2 30.Ra3+ Kb7 31.h3 Rbb2 32.Nd6+ Kb8 33.Rac3 a5 34.Rc7 g6 35.Rb7+ Ka8
36.Rcc7  1-0

[Event "Frunze"]
[Site "Frunze"]
[Date "1983.??.??"]
[Round "?"]
[White "Bagirov, Vladimir"]
[Black "Barua, Dibyendu"]
[Result "1-0"]
[WhiteElo "2500"]
[BlackElo "2390"]

1.d4 d5 2.c4 dxc4 3.e4 e5 4.Nf3 Bb4+ 5.Nc3 exd4 6.Qxd4 Qxd4 7.Nxd4 Nf6 8.f3 Bd7
9.Bxc4 Nc6 10.Nxc6 Bxc6 11.Bf4 Nd7 12.Rc1 f6 13.a3 Bxc3+ 14.Rxc3 Ne5 15.Be2 O-O-O
16.b4 Ba4 17.Kf2 Rhe8 18.Rhc1 Re7 19.h4 Kb8 20.b5 c6 21.bxc6 Bxc6 22.g4 Ka8
23.g5 a6 24.Kg3 Rf7 25.Rd1 Rxd1 26.Bxd1 Ng6 27.Bc1 f5 28.h5 f4+ 29.Kf2 Ne5
30.Be2 g6 31.h6 Kb8 32.Rc5 Nd7 33.Rc2 Ne5 34.Rd2 Kc7 35.Rd1 b5 36.Rh1 Nc4
37.Rh4 Kb6 38.Bxc4 bxc4 39.Rxf4 Rxf4 40.Bxf4 Ba4 41.Ke3 Kc5 42.Be5 Be8 43.f4 a5
44.Bc3 a4 45.Bb4+ Kc6 46.Kd4 Kd7 47.Ke5 Kd8 48.f5 c3 49.Kf6  1-0

[Event "Frunze"]
[Site "Frunze"]
[Date "1983.??.??"]
[Round "?"]
[White "Mokry, Karel"]
[Black "Velikov, Petar"]
[Result "1/2-1/2"]
[WhiteElo "2435"]
[BlackElo "2475"]

1.d4 d5 2.c4 dxc4 3.e4 c5 4.d5 e6 5.Bxc4 exd5 6.Bxd5 Bd6 7.Nf3 Nf6 8.Bg5 h6
9.Bh4 g5 10.Bg3 Bxg3 11.hxg3 Nxd5 12.Qxd5 Qxd5 13.exd5 f6 14.Nc3 Na6  1/2-1/2

[Event "URS-ch sf"]
[Site "Irkutsk"]
[Date "1983.??.??"]
[Round "?"]
[White "Arbakov, Valentin"]
[Black "Chekhov, Valery A"]
[Result "0-1"]
[WhiteElo "2425"]
[BlackElo "2510"]

1.d4 d5 2.c4 dxc4 3.e4 e5 4.Nf3 exd4 5.Bxc4 Bb4+ 6.Bd2 Bxd2+ 7.Nbxd2 Nc6
8.b4 a6 9.h3 Qf6 10.O-O Nge7 11.e5 Qg6 12.Qb3 O-O 13.Bd3 Qh6 14.Rfe1 Be6
15.Qb2 Rad8 16.Ne4 Bd5 17.Nxd4 Nxe5 18.Nf5 Nxf5 19.Qxe5 Nh4 20.Bf1 Qb6 21.a3 Ng6
22.Qg3 a5 23.b5 c6 24.a4 Rfe8 25.Nc3 Rxe1 26.Rxe1 Be6 27.h4 Ne7 28.Ne4 Nf5
29.Qf4 h6 30.h5 cxb5 31.Bxb5 Nd6 32.Bd3 Qd4 33.Bc2 Nxe4 34.Rxe4 Qd2 35.Qc7 Qc1+
36.Kh2 Qg5 37.Kg1 Qc1+ 38.Kh2 Qg5 39.Kg1 Rf8 40.Re5 Qc1+ 41.Kh2 Qf4+ 42.Kg1 f6  0-1

[Event "Lvov"]
[Site "Lvov"]
[Date "1983.??.??"]
[Round "?"]
[White "Mikhalchishin, Adrian"]
[Black "Vorotnikov, Vladislav V"]
[Result "0-1"]
[WhiteElo "2465"]
[BlackElo "2470"]

1.d4 d5 2.c4 dxc4 3.e4 Nc6 4.Nf3 Bg4 5.d5 Ne5 6.Bf4 Ng6 7.Bg3 e5 8.Bxc4 Bd6
9.Qb3 Nf6 10.Bb5+ Kf8 11.Nfd2 Nh5 12.Nc3 Nhf4 13.Bf1 h5 14.h4 Bc5 15.Nc4 Rh6
16.f3 Bd7 17.Nxe5 Nxe5 18.Bxf4 Rb6 19.Qc2 Qf6 20.Qd2 Rb4 21.O-O-O Rd4 22.Bxe5 Qxe5
23.Qg5 Qd6 24.Be2 Kg8 25.Rxd4 Bxd4 26.Qd2 Be5 27.Kb1 b5 28.Nd1 c5 29.Rf1 Bf4
30.Qa5 a6 31.Qc3 a5 32.Nf2 Be5 33.Qd2 c4 34.g4 a4 35.gxh5 a3 36.Ng4 Bxg4
37.fxg4 axb2 38.Rf3 Qc5 39.d6 c3 40.Qd3 Rxa2  0-1

[Event "New York Kavkasian"]
[Site "New York"]
[Date "1983.??.??"]
[Round "?"]
[White "Alburt, Lev O"]
[Black "Zaltsman, Vitaly F"]
[Result "1/2-1/2"]
[WhiteElo "2570"]
[BlackElo "2390"]

1.d4 d5 2.c4 dxc4 3.e4 e5 4.Nf3 Bb4+ 5.Nc3 exd4 6.Nxd4 Qe7 7.Bxc4 Nf6 8.O-O O-O
9.Bg5 Bxc3 10.Bxf6 Qxf6 11.bxc3 Nc6 12.Nxc6 Qxc6 13.Qd5 Qxd5 14.Bxd5 c6 15.Bb3 Be6
16.Rfd1 Rfd8 17.Bxe6 fxe6 18.f4 Kf7 19.Kf2 Ke7 20.Ke3 b6 21.Rab1 b5 22.Rd4 a6
23.Rbd1 c5 24.Rxd8 Rxd8 25.Rxd8 Kxd8 26.f5 Ke7 27.g4 exf5 28.exf5 a5 29.g5 Kd6
30.Ke4 a4 31.h4 b4 32.cxb4 cxb4 33.Kd4 b3 34.axb3 axb3 35.Kc3 Ke5 36.f6 gxf6
37.gxf6 Kxf6 38.Kxb3 Kg6 39.Kc3 Kh5 40.Kd3 Kxh4 41.Ke2  1/2-1/2

[Event "BCF-ch"]
[Site "Southport"]
[Date "1983.??.??"]
[Round "8"]
[White "Hawksworth, John C"]
[Black "Hempson, Peter W"]
[Result "1-0"]
[WhiteElo "2325"]
[BlackElo "2245"]

1.d4 d5 2.c4 dxc4 3.e4 e5 4.Nf3 exd4 5.Bxc4 Bb4+ 6.Nbd2 Nc6 7.O-O Nf6 8.e5 Nd5
9.Nb3 Be6 10.Nbxd4 Nxd4 11.Nxd4 O-O 12.Nxe6 fxe6 13.Qg4 Qe7 14.Bg5 h5 15.Bxe7 hxg4
16.Bxb4 Nxb4 17.Bxe6+ Kh7 18.Bxg4 Nd3 19.e6 Rae8 20.Rad1 Ne5 21.Bh3 g5 22.Rfe1 g4
23.Rxe5 gxh3 24.Rd7+ Kg6 25.e7 Rg8 26.g3 Kf6 27.f4 b6 28.Rxc7 a5 29.a4 Kf7
30.Kf2 Rg6 31.Rf5+ Kg7 32.Rg5 Rxg5 33.fxg5 Kg6 34.g4 Kxg5 35.Kg3 Kf6 36.Kxh3 Kf7
37.Kg3 Rb8 38.e8=Q+ Kxe8 39.Rh7  1-0

[Event "Trnava"]
[Site "Trnava"]
[Date "1983.??.??"]
[Round "?"]
[White "Schmidt, Wlodzimierz"]
[Black "Dobrovolsky, Ladislav"]
[Result "1/2-1/2"]
[WhiteElo "2450"]
[BlackElo "2385"]

1.d4 d5 2.c4 dxc4 3.e4 e5 4.Nf3 Bb4+ 5.Bd2 Bxd2+ 6.Nbxd2 exd4 7.Bxc4 Nc6
8.O-O Nh6 9.Nb3 O-O 10.Nbxd4 Nxd4 11.Qxd4 Bg4 12.Qxd8 Raxd8 13.Ne5 Rd2 14.f3 Be6
15.Bxe6 fxe6 16.Nc4 Rd4 17.Rac1 c5 18.Ne5 Nf7 19.Nxf7 Rxf7 20.Rxc5 Rd2 21.Rf2 Rd1+
22.Rf1 Rd2 23.Rf2  1/2-1/2

[Event "Berlin op"]
[Site "Berlin-West"]
[Date "1984.??.??"]
[Round "1"]
[White "Szollosi, Laszlo Sr"]
[Black "Garcia Palermo, Carlos"]
[Result "1/2-1/2"]
[WhiteElo "2265"]
[BlackElo "2500"]

1.d4 d5 2.c4 dxc4 3.e4 Nf6 4.Nc3 e5 5.d5 c6 6.Bxc4 b5 7.Bb3 b4 8.Nce2 Nxe4
9.Nf3 Bc5 10.Be3 Bxe3 11.fxe3 Nc5 12.Rc1 Nxb3 13.Qxb3 cxd5 14.Qxb4 Nd7 15.Nc3 a5
16.Qa3 Qe7 17.Qxe7+ Kxe7 18.Nxd5+ Kf8 19.Rc7 f6 20.Nd2 Rb8 21.Ne4 Kf7 22.Nc5 Rxb2
23.O-O Rc2 24.Nxd7 Rxc7 25.Nxe5+ Ke6 26.Nxc7+ Kxe5 27.Rd1 Bb7 28.Rd7 Bc6
29.Rxg7 Rb8 30.h4 h6 31.Kh2 Rb2 32.a3 Ra2 33.e4 Rxa3 34.Nd5 Bxd5 35.exd5 Rd3
36.Re7+ Kf5 37.Ra7 Rxd5 38.Kh3 h5 39.Ra6 Ke5 40.Kg3 f5 41.Kf3 Rd3+ 42.Kf2 Ra3
43.Rh6 Kf4 44.Rxh5 Ra2+ 45.Kg1 a4 46.Kh2 a3 47.Rh8 Rd2 48.Ra8 Rd3 49.Ra4+ Ke5
50.Ra6 Kf4 51.h5 Kg5  1/2-1/2

[Event "Alfoldi mem (Women)"]
[Site "Budapest"]
[Date "1984.??.??"]
[Round "?"]
[White "Kas Fromm, Rita"]
[Black "Porubszky Angyalosine, Maria A"]
[Result "1/2-1/2"]
[WhiteElo "2080"]
[BlackElo "2175"]

1.d4 d5 2.c4 dxc4 3.e4 e5 4.Nf3 exd4 5.Qxd4 Qxd4 6.Nxd4 Bb4+ 7.Nc3 c6 8.Bxc4 Ne7
9.Be3 Nd7 10.Nc2 Bc5 11.O-O O-O 12.Rad1 Bxe3 13.Nxe3 b5 14.Bb3 Nc5 15.Bc2  1/2-1/2

[Event "Hastings8485"]
[Site "Hastings"]
[Date "1984.??.??"]
[Round "8"]
[White "Ravikumar, Vaidyanathan"]
[Black "Djuric, Stefan"]
[Result "0-1"]
[WhiteElo "2385"]
[BlackElo "2490"]

1.d4 d5 2.c4 dxc4 3.e4 e5 4.Nf3 exd4 5.Bxc4 Bb4+ 6.Nbd2 Nc6 7.O-O Be6 8.Bxe6 fxe6
9.Nc4 Nf6 10.Qb3 a5 11.Ng5 Qd7 12.a3 Be7 13.Qh3 b5 14.Nd2 e5 15.Qb3 Nd8 16.Ndf3 a4
17.Qd3 Bd6 18.Nxe5 Bxe5 19.f4 Bd6 20.e5 O-O 21.Bd2 c5 22.Rae1 Ra6 23.exd6 Rxd6
24.Re5 c4 25.Qb1 Nc6 26.Rxb5 Rd5 27.Rxd5 Qxd5 28.f5 Rb8 29.Bf4 Rb3 30.Qc1 c3
31.bxc3 dxc3 32.Qe1 Qxf5 33.Bc1 Qe5 34.Qf2 h6 35.Nf3 Qd5 36.Qh4 Qe4 37.Qg3 Nd4
38.Nxd4 Qxd4+ 39.Be3 Qg4 40.Qc7 Rb2 41.Bf2 Ne4 42.h3 Qg6 43.Qc4+ Kh7 44.Qxa4 Nxf2
45.Rxf2 c2 46.Qc4 Rb1+ 47.Rf1 Qf5  0-1

[Event "JUG-ch"]
[Site "?"]
[Date "1984.??.??"]
[Round "7"]
[White "Cebalo, Miso"]
[Black "Marjanovic, Slavoljub"]
[Result "1-0"]
[WhiteElo "2485"]
[BlackElo "2525"]

1.d4 d5 2.c4 dxc4 3.e4 Nc6 4.Nf3 Bg4 5.Be3 Nf6 6.Nc3 e5 7.d5 Bxf3 8.gxf3 Ne7
9.Bxc4 a6 10.a4 Rb8 11.Qb3 Ng6 12.d6 Bxd6 13.Bxf7+ Kf8 14.Bc4 Nh4 15.O-O-O Nxf3
16.Kb1 Qe8 17.Nd5 b5 18.Nxf6 gxf6 19.axb5 axb5 20.Bh6+ Ke7 21.Bd5 Qh5 22.Qe3 Ng5
23.Bg7 Rhd8 24.h4 Ne6 25.Rdg1 Rg8 26.Qb3 Qf7 27.Bh6 Rg6 28.h5 Rxg1+ 29.Rxg1 Rg8
30.Rc1 b4 31.Bd2 Rb8 32.h6 f5 33.Bg5+ Kd7 34.Qa4+ Kc8 35.Qa6+  1-0

[Event "BKL-Turnier"]
[Site "Leipzig"]
[Date "1984.??.??"]
[Round "11"]
[White "Moehring, Guenther"]
[Black "Gross, Stefan"]
[Result "1/2-1/2"]
[WhiteElo "2395"]
[BlackElo "2410"]

1.d4 d5 2.c4 dxc4 3.e4 Nf6 4.Nc3 c5 5.d5 e6 6.Bxc4 exd5 7.Nxd5 Nxd5 8.Bxd5 Be7
9.Ne2 O-O 10.O-O Qb6 11.Bd2 Nc6 12.Bc3 Nb4 13.Nf4 Bf6 14.Rb1 Qa6 15.Bb3 Bxc3
16.bxc3 Qf6 17.cxb4 Qxf4 18.bxc5 Qxe4 19.Bd5 Qe7 20.Qc1 Rb8 21.Re1 Be6 22.Qe3 Rfe8
23.Bxe6 fxe6 24.f4 Rbc8 25.f5 Rxc5 26.Rxb7 Qxb7 27.Qxc5 Rc8 28.Qe3 Rc2 29.Qxe6+ Qf7
30.Rb1 Qxe6 31.fxe6 Kf8 32.a3 a5 33.Rb5 Ke7 34.Rxa5 Kxe6 35.h3 Kf6 36.Ra6+ Kf5
37.Ra5+ Kf6 38.Ra8 h5 39.Rf8+ Kg5 40.Rf3 Ra2 41.Rb3 Kh4 42.Kh2 g5  1/2-1/2

[Event "Leningrad"]
[Site "Leningrad"]
[Date "1984.??.??"]
[Round "4"]
[White "Cebalo, Miso"]
[Black "Vorotnikov, Vladislav V"]
[Result "0-1"]
[WhiteElo "2485"]
[BlackElo "2475"]

1.d4 d5 2.c4 dxc4 3.e4 Nc6 4.Nf3 Bg4 5.Be3 b5 6.d5 Ne5 7.Be2 Nxf3+ 8.gxf3 Bd7
9.b3 e5 10.bxc4 bxc4 11.Bxc4 Bd6 12.Rg1 Ne7 13.Nc3 O-O 14.Rb1 Ng6 15.Bb5 a6
16.Bc6 Bxc6 17.dxc6 Qh4 18.Ke2 Qxh2 19.Rh1 Nf4+ 20.Bxf4 Qxf4 21.Qg1 Rab8
22.Nd5 Rxb1 23.Qxb1 Qg5 24.Rg1 Qd8 25.Qd3 g6 26.Qxa6 Qa8 27.Qc4 Rb8 28.Rd1 Qa3
29.Rd2 h5 30.Nxc7 Bxc7 31.Rd7 Rb2+ 32.Kf1 Qxf3  0-1

[Event "Kamen Piskov mem 4"]
[Site "Ruse"]
[Date "1984.??.??"]
[Round "8"]
[White "Komljenovic, Davor"]
[Black "Nikolov, Todor"]
[Result "1-0"]
[WhiteElo "2395"]
[BlackElo "2200"]

1.d4 d5 2.c4 dxc4 3.e4 e5 4.Nf3 exd4 5.Bxc4 Bb4+ 6.Nbd2 Nc6 7.O-O Be6 8.Bxe6 fxe6
9.Nb3 e5 10.Nxe5 Nge7 11.Nd3 Qd7 12.Bf4 O-O 13.Bg3 b6 14.Rc1 Rac8 15.a3 Ba5
16.Na1 b5 17.b4 Bb6 18.Nb3 Ng6 19.f4 Rfe8 20.Nd2 Nd8 21.f5 Nf8 22.e5 Qd5
23.Qg4 Nf7 24.Rce1 Kh8 25.e6 Nh6 26.Qh3 Ng8 27.Ne4 Nxe6 28.fxe6 Qxe6 29.Ng5  1-0

[Event "Thessaloniki ol (Women)"]
[Site "Thessaloniki"]
[Date "1984.??.??"]
[Round "11"]
[White "Maksimovic, Suzana"]
[Black "Nutu Gajic, Dana"]
[Result "0-1"]
[WhiteElo "2150"]
[BlackElo "2180"]

1.d4 d5 2.c4 dxc4 3.e4 Nf6 4.e5 Nd5 5.Bxc4 Nb6 6.Bb3 Nc6 7.Nf3 Bf5 8.Nc3 e6
9.a3 Qd7 10.h3 Rd8 11.Be3 Ne7 12.O-O c6 13.Ng5 h6 14.Nge4 Ned5 15.Qf3 Be7
16.Rfd1 Nxc3 17.bxc3 O-O 18.c4 Qc8 19.Nd6 Bxd6 20.exd6 Nd7 21.Rac1 Nf6 22.d5 c5
23.dxe6 fxe6 24.Qg3 Kh7 25.Bc2 b6 26.Qe5 Qd7 27.Bf4 Ne8 28.Bg3 Rf7 29.Be4 Nf6
30.Bf3 Qa4 31.Qe3 Rfd7 32.Be5 Ne8 33.g4 Bg6 34.Bg3 Nxd6 35.Qxe6 Bf7 36.Qe5 Nxc4
37.Be4+ g6 38.Rxd7 Nxe5 39.Bxg6+ Kxg6 40.Rxd8 Nf3+  0-1

[Event "URS-ch U20"]
[Site "Vilnius"]
[Date "1984.??.??"]
[Round "4"]
[White "Azmaiparashvili, Zurab"]
[Black "Kaidanov, Grigory S"]
[Result "1/2-1/2"]
[WhiteElo "2460"]
[BlackElo "2390"]

1.d4 d5 2.c4 dxc4 3.e4 e5 4.Nf3 exd4 5.Bxc4 Bb4+ 6.Bd2 Bxd2+ 7.Nbxd2 Nc6
8.Qb3 Qf6 9.O-O Nge7 10.e5 Qg6 11.Rfe1 O-O 12.Bd3 Qh5 13.Rac1 Rb8 14.Qa3 Bf5
15.Ne4 Qh6 16.Nc5 Rfe8 17.Bxf5 Nxf5 18.e6 fxe6 19.Nxb7 Rxb7 20.Rxc6 Qf6 21.b3 Rbb8
22.Qxa7 Ra8 23.Rexe6 Qf7 24.Rxe8+ Qxe8 25.Qc5 Rxa2 26.h3 Ne3 27.Qxd4 Qxc6
28.Qd8+ Kf7 29.Ne5+ Ke6 30.Nxc6 Ra1+  1/2-1/2

[Event "OHRA-B"]
[Site "Amsterdam"]
[Date "1985.??.??"]
[Round "3"]
[White "Piket, Jeroen"]
[Black "Pliester, Leon"]
[Result "0-1"]
[WhiteElo "2400"]
[BlackElo "2340"]

1.d4 d5 2.c4 dxc4 3.e4 Nf6 4.e5 Nd5 5.Bxc4 Nc6 6.Nf3 Bg4 7.O-O e6 8.Be3 Bb4
9.Be2 Ba5 10.Qb3 Bb6 11.Nc3 O-O 12.Rfd1 Nce7 13.h3 Bh5 14.Bg5 f6 15.exf6 gxf6
16.Bh6 Rf7 17.Nxd5 Nxd5 18.Ne5 fxe5 19.Bxh5 Qh4 20.Bxf7+ Kxf7 21.Qf3+ Ke7
22.Be3 Rf8 23.Qg4 Qxg4 24.hxg4 Nxe3 25.fxe3 exd4 26.exd4 Rf4 27.g3 Bxd4+
28.Kh1 Rxg4 29.Rac1 Be5 30.Rd3 Bxg3 31.Rxg3 Rxg3 32.Rxc7+ Kf6 33.Rxb7 Rg7
34.Rb8 e5 35.b4 e4 36.Re8 Re7 37.Rf8+ Ke5 38.Kg2 Rc7 39.Kf2 Rc2+ 40.Ke3 Rc3+
41.Ke2 Rc2+ 42.Ke3 Rc3+ 43.Ke2 h5 44.Rh8 Kd4 45.Rd8+ Kc4 46.Re8 Kxb4 47.Rxe4+ Rc4
48.Re7 a5 49.Rb7+ Ka4 50.Rb3 Rc2+ 51.Kd1 Rh2 52.Kc1 h4 53.Kb1 Rg2 54.Rc3 Kb4
55.Rb3+ Kc4 56.Ra3 Rg5 57.Kc2 Rh5 58.Rh3 Rh8 59.Kc1 Rh7 60.Kc2 Kd4 61.Kd2 Ke4
62.Ke2 a4 63.Ke1 Kf4 64.Kf2 Kg4 65.Rc3 Rf7+ 66.Kg2 Rf4 67.Rc5 Rd4 68.a3 h3+
69.Kh2 Rd2+ 70.Kg1 Rd3 71.Kh2 Rxa3 72.Rc4+ Kf5 73.Rd4 Ke5 74.Rd8 Rc3 75.Ra8 a3
76.Rd8 Ke4  0-1

[Event "Bor"]
[Site "Bor"]
[Date "1985.??.??"]
[Round "?"]
[White "Barlov, Dragan"]
[Black "Marjanovic, Slavoljub"]
[Result "0-1"]
[WhiteElo "2430"]
[BlackElo "2505"]

1.d4 d5 2.c4 dxc4 3.e4 Nc6 4.d5 Ne5 5.Bf4 Ng6 6.Bg3 Nf6 7.Nc3 e6 8.Bxc4 exd5
9.exd5 Bd6 10.Qe2+ Kf8 11.Qd2 a6 12.Nge2 h5 13.h4 b5 14.Bb3 b4 15.Na4 a5
16.O-O-O Ba6 17.Rhe1 Ne4 18.Bxd6+ Qxd6 19.Qe3 Re8 20.Ng3 Nf6 21.Qd4 Rxe1
22.Rxe1 Qf4+ 23.Qxf4 Nxf4 24.Kd2 Nxg2 25.Rc1 Ne8 26.Rc5 Nxh4 27.Rxa5 Bc8
28.Ra8 Bg4 29.Nc5 Nf5 30.Na6 Nd6 31.Nxc7 Ke7 32.Ba4 h4 33.Nxe8 hxg3 34.fxg3 Nxe8
35.d6+ Kxd6 36.Rxe8 Rh2+ 37.Kc1 Be6 38.Bb3 Bxb3 39.axb3 Rg2 40.Re3 f5  0-1

[Event "BUL-FRA"]
[Site "?"]
[Date "1985.??.??"]
[Round "9"]
[White "Kouatly, Bachar"]
[Black "Semkov, Semko"]
[Result "1-0"]
[WhiteElo "2460"]
[BlackElo "2410"]

1.d4 d5 2.c4 dxc4 3.e4 Nf6 4.e5 Nd5 5.Bxc4 Nb6 6.Bb3 Nc6 7.Nf3 Bf5 8.d5 Na5
9.Nc3 Nxb3 10.Qxb3 Bd3 11.e6 f6 12.Be3 Bc4 13.Qb4 a5 14.Qc5 Qd6 15.Qxd6 exd6
16.Bxb6 cxb6 17.b3 Ba6 18.Na4 Rc8 19.Nxb6 Rc5 20.Nd2 Be7 21.Ndc4 Kd8 22.O-O Kc7
23.Rfd1 Bxc4 24.Nxc4 Rc8 25.a4 b6 26.g4 Kb7 27.Kg2 Ka6 28.Kf3 b5 29.axb5+ Rxb5
30.Ra3 Rcc5 31.Ke4 g6 32.Ne3 Bd8 33.f4 Rc3 34.Rd3 Rb4+ 35.Nc4 Rc2 36.h3 Rh2
37.f5 Kb5 38.Rc3 Kc5 39.Ra4 g5 40.Rxb4 Kxb4 41.Kd4 Rf2 42.Re3 Be7 43.Kd3 Rf1
44.Nd2 Rc1 45.Re4+ Kb5 46.Rc4 Rxc4 47.Nxc4 Kb4 48.Kd4 Bf8 49.Kd3 Be7 50.Kc2 Kc5
51.Nxa5 Kxd5 52.b4 Bd8 53.Kd3  1-0

[Event "Havana-B"]
[Site "Havana"]
[Date "1985.??.??"]
[Round "9"]
[White "Knezevic, Milorad"]
[Black "Garcia Palermo, Carlos"]
[Result "1/2-1/2"]
[WhiteElo "2405"]
[BlackElo "2520"]

1.d4 d5 2.c4 dxc4 3.e4 Nf6 4.Nc3 e5 5.Nf3 exd4 6.Qxd4 Qxd4 7.Nxd4 Bc5 8.Be3 Ng4
9.Nd5 Nxe3 10.fxe3 Na6 11.Bxc4 c6 12.Bxa6 cxd5 13.Bb5+ Bd7 14.Bxd7+ Kxd7
15.O-O Bxd4 16.exd4 Ke7 17.e5 Rhc8 18.Rfc1 a5 19.b3 Ke6  1/2-1/2

[Event "Havana-B"]
[Site "Havana"]
[Date "1985.??.??"]
[Round "10"]
[White "Dlugy, Maxim"]
[Black "Zaltsman, Vitaly F"]
[Result "1/2-1/2"]
[WhiteElo "2485"]
[BlackElo "2410"]

1.d4 d5 2.c4 dxc4 3.e4 e5 4.Nf3 Bb4+ 5.Nc3 exd4 6.Nxd4 Qe7 7.Bxc4 Nf6 8.O-O O-O
9.Bg5 Bxc3 10.Bxf6 Qxf6 11.bxc3 Nc6 12.f4 Qd8 13.e5 Qe7 14.Nxc6 Qc5+ 15.Nd4 Qxc4
16.Qb3 Qxb3 17.axb3 Be6 18.f5  1/2-1/2

[Event "WchT U26"]
[Site "Mendoza"]
[Date "1985.??.??"]
[Round "11"]
[White "Miralles, Gilles"]
[Black "Dlugy, Maxim"]
[Result "0-1"]
[WhiteElo "2365"]
[BlackElo "2485"]

1.d4 d5 2.c4 dxc4 3.e4 e5 4.Nf3 Bb4+ 5.Nbd2 c3 6.Qa4+ Nc6 7.d5 cxd2+ 8.Nxd2 Ne7
9.dxc6 Nxc6 10.Bb5 Bd7 11.O-O Bxd2 12.Bxd2 Nd4 13.Bxd7+ Qxd7 14.Qa5 O-O 15.Be3 Qe7
16.b4 Rfd8 17.Rab1 b6 18.Qa6 Nc2 19.Qa4 Nxe3 20.fxe3 Rd2 21.Rbd1 Rad8 22.Rxd2 Rxd2
23.Qxa7 h6 24.Qa3 Qg5 25.Rf2 Qh4 26.Qa8+ Rd8 27.Qc6 Qe7 28.Qc4 Ra8 29.Rc2 Qg5
30.Qb3 Qh4 31.Rf2 Qxe4 32.Qxf7+ Kh8 33.Qb3 Rd8 34.h3 c5 35.bxc5 bxc5 36.Rc2 Rd3
37.Qb8+ Kh7 38.Re2 Rxe3 39.Rxe3 Qxe3+ 40.Kh2 c4 41.Qc8 Qd3 42.a4 c3 43.a5 c2
44.Qc6 e4 45.a6 e3 46.a7 e2 47.a8=Q e1=Q  0-1

[Event "JUG-ch"]
[Site "Novi Sad"]
[Date "1985.??.??"]
[Round "?"]
[White "Redzepagic, Rolando"]
[Black "Marjanovic, Slavoljub"]
[Result "0-1"]
[WhiteElo "2300"]
[BlackElo "2505"]

1.d4 d5 2.c4 dxc4 3.e4 Nc6 4.Be3 Nf6 5.Nc3 e5 6.d5 Ne7 7.f3 a6 8.Bxc4 Ng6
9.Nge2 Bd6 10.Qd2 h6 11.O-O-O b5 12.Bb3 Bd7 13.h4 a5 14.a4 bxa4 15.Bxa4 Bxa4
16.Nxa4 Nd7 17.h5 Ne7 18.g4 Qb8 19.Ng3 Qb3 20.Nc3 a4 21.Qc2 Qb7 22.Kd2 Bc5
23.Ra1 Bxe3+ 24.Kxe3 Qb6+ 25.Ke2 Nc5 26.Kf1 Nb3 27.Ra3 Nd4 28.Qf2 O-O 29.Kg2 Rfb8
30.Rha1 Qxb2 31.Nxa4 Qxf2+ 32.Kxf2 Nc2  0-1

[Event "Nordic-chT"]
[Site "Pohja"]
[Date "1985.??.??"]
[Round "?"]
[White "Ostenstad, Berge"]
[Black "Sygulski, Artur"]
[Result "1-0"]
[WhiteElo "2365"]
[BlackElo "2425"]

1.d4 d5 2.c4 dxc4 3.e4 e5 4.Nf3 exd4 5.Bxc4 Bb4+ 6.Nbd2 Be6 7.Bxe6 fxe6 8.O-O Bxd2
9.Bxd2 Nc6 10.b4 Qd6 11.b5 Ne5 12.Bf4 Nxf3+ 13.Qxf3 Qd7 14.Rac1 Rc8 15.Be5 Nf6
16.Bxf6 O-O 17.e5 gxf6 18.exf6 c5 19.bxc6 Rxc6 20.Rcd1 Rd6 21.Rfe1 d3 22.Rd2 Rc8
23.Qg3+ Kf8 24.h3 Rc5 25.Re3 Rcd5 26.f7 Kxf7 27.Rf3+ Rf5 28.Rdxd3 Rxd3 29.Rxd3 Rd5
30.Rf3+ Rf5 31.Rc3 e5 32.Qg4 h5 33.Qc4+ Ke7 34.Qc5+ Kf7 35.Qxa7 e4 36.Qb8 Ke6
37.Qg8+ Kd6 38.Qg3+ Re5 39.Rc1 Qa4 40.Qg6+ Kd5 41.Qf7+ Kd4 42.Qxb7 Qxa2 43.Qb6+ Kd3
44.Qe3+  1-0

[Event "Sarajevo"]
[Site "Sarajevo"]
[Date "1985.??.??"]
[Round "6"]
[White "Georgiev, Kiril"]
[Black "Drasko, Milan"]
[Result "1/2-1/2"]
[WhiteElo "2535"]
[BlackElo "2460"]

1.d4 d5 2.c4 dxc4 3.e4 Nf6 4.e5 Nd5 5.Bxc4 Nc6 6.Nc3 Nb6 7.Bb5 Bd7 8.Nf3 a6
9.Bd3 Bg4 10.Be4 e6 11.h3 Bh5 12.Be3 Qd7 13.d5 Bxf3 14.Qxf3 Nxd5 15.Nxd5 exd5
16.Bxd5 Bb4+ 17.Kf1 Nxe5 18.Qe4 Qb5+ 19.Kg1 O-O-O 20.Bxb7+ Qxb7 21.Qxe5 Qd5
22.Qf4 Bd6 23.Qa4 Qb5 24.Qxb5 axb5 25.g3 Be5 26.Rc1 Rd5 27.b3 Kb7 28.Kg2 Ra8
29.Rc2 Bd6 30.Rhc1 Re8 31.Rc3 g6 32.R3c2 f5 33.a4 Re4 34.a5 Ka6 35.Bc5 Bxc5
36.Rxc5 Rxc5 37.Rxc5 Kxa5 38.Rxc7 Kb4 39.Rb7 h5 40.h4 f4 41.Kf3 fxg3 42.fxg3 Rg4
43.Kf2 Rd4 44.Rb6 Rg4 45.Rb7 Kc5 46.Rc7+  1/2-1/2

[Event "Berlin op"]
[Site "Berlin-West"]
[Date "1986.??.??"]
[Round "?"]
[White "Ungureanu, Emil"]
[Black "Velikov, Petar"]
[Result "0-1"]
[WhiteElo "2285"]
[BlackElo "2455"]

1.d4 d5 2.c4 dxc4 3.e4 Nf6 4.e5 Nd5 5.Bxc4 Nb6 6.Bb3 Nc6 7.Ne2 Bf5 8.Nbc3 e6
9.O-O Be7 10.Be3 O-O 11.Rc1 Nb4 12.Qd2 c6 13.Ng3 Bg6 14.Nce4 N4d5 15.Bg5 Bxg5
16.Nxg5 Qe7 17.a3 Rad8 18.f4 Qd7 19.N5e4 Ne7 20.Nd6 Nbc8 21.Nxc8 Qxc8 22.Qf2 Qd7
23.d5 cxd5 24.Qxa7 Qb5 25.Rc7 Qxb3 26.Rxe7 b6 27.f5 Qe3+ 28.Kh1 exf5 29.e6 fxe6
30.Rxg7+ Kh8 31.Rb7 f4 32.Nh5 Qe5  0-1

[Event "Berlin op"]
[Site "Berlin-West"]
[Date "1986.??.??"]
[Round "?"]
[White "Wiedenkeller, Michael"]
[Black "Lev, Ronen"]
[Result "1-0"]
[WhiteElo "2460"]
[BlackElo "2410"]

1.d4 d5 2.c4 dxc4 3.e4 c5 4.d5 e6 5.Bxc4 Nf6 6.Nc3 exd5 7.exd5 a6 8.a4 Bd6
9.Qe2+ Be7 10.Bf4 O-O 11.Qd2 Bd6 12.Nge2 Re8 13.O-O Ne4 14.Nxe4 Rxe4 15.Bd3 Re8
16.Nc3 Bxf4 17.Qxf4 Nd7 18.Rfe1 Rxe1+ 19.Rxe1 Nf8 20.h4 Bd7 21.h5 h6 22.Re3 Qg5
23.Qxg5 hxg5 24.a5 Bb5 25.Nxb5 axb5 26.Re7 Rxa5 27.Rxb7 Ra1+ 28.Kh2 Rd1 29.Bxb5 Rxd5
30.Bc4 Rd7 31.Rb5 Rd2 32.Rxc5 Rxb2 33.Kg3 Rb4 34.Rc8 Rb2 35.Rc7 Ne6 36.Bxe6 fxe6
37.Rc5 g4 38.Rg5 Kf7 39.Rxg4 Kf6 40.Rg6+ Kf7 41.f4 Rb5 42.Rg5 Rb2 43.Kf3 Rb3+
44.Kg4 Rb2 45.g3 Rb3 46.Rg6 Ra3 47.Rg5 Rb3 48.Ra5 Rc3 49.Ra6 Rb3 50.Ra4 Re3
51.Kh4 Kf6 52.g4 Rf3 53.Rb4 Rf1 54.Kg3 Kf7 55.Kg2 Rc1 56.Rb7+ Kf8 57.Rb8+ Ke7
58.g5 Rc2+ 59.Kg3 Rc3+ 60.Kg4 Rc1 61.h6 gxh6 62.gxh6 Rg1+ 63.Kf3  1-0